Bayer Leverkusen - Tous les joueurs (2020-) - Statistiques

Statistiques générales
  • Ce quiz a été pris 82 fois
  • Le résultat moyen est 20 sur 54
Statistiques - réponses
Saisons Nationalité Joueur Nb de matchs % Correct
2020- Pays-Bas Jeremie Frimpong 99
96%
2020- Allemagne Florian Wirtz 101
93%
2023- Espagne Alex Grimaldo 32
88%
2020- Burkina Faso Edmond Tapsoba 113
88%
2023- Suisse Granit Xhaka 31
87%
2020- Finlande Lukas Hradecky 126
87%
2020- Tchéquie Patrik Schick 89
87%
2023- Nigeria Victor Boniface 22
84%
2020- Argentine Exequiel Palacios 80
82%
2020- Allemagne Jonathan Tah 123
82%
2021- Maroc Amine Adli 73
74%
2020- France Moussa Diaby 97
74%
2021- Equateur Piero Hincapié 82
71%
2021- Côte d'Ivoire Odilon Kossounou 72
60%
2021- Allemagne Robert Andrich 82
60%
2020-2021 Jamaïque Leon Bailey 30
54%
2023- Croatie Josip Stanisic 18
44%
2022- Tchéquie Adam Hlozek 52
43%
2023- Nigeria Nathan Tella 24
41%
2023- Allemagne Jonas Hofmann 30
40%
2021-2023 Pays-Bas Mitchel Bakker 53
40%
2021-2023 Iran Sardar Azmoun 32
37%
2020-2023 Chili Charles Aranguiz 57
35%
2020-2023 Allemagne Kerem Demirbay 83
32%
2020-2023 Allemagne Karim Bellarabi 46
28%
2023- Espagne Borja Iglesias 6
25%
2020-2021 Allemagne Lars Bender 14
25%
2023- Tchéquie Matej Kovar 1
25%
2020-2021 Allemagne Sven Bender 18
25%
2020-2022 Argentine Lucas Alario 52
19%
2020-2023 Brésil Paulinho 29
18%
2023- Brésil Arthur 3
16%
2022-2023 Angleterre Callum Hudson-Odoi 14
16%
2020-2024 Allemagne Nadiem Amiri 75
16%
2020-2023 Pays-Bas Timothy Fosu-Mensah 23
16%
2020-2021 Jamaïque Demarai Gray 10
13%
2020-2021 Croatie Tin Jedvaj 4
13%
2020-2021 Brésil Wendell 22
13%
2020-2023 Pays-Bas Daley Sinkgraven 46
12%
2020-2021 Allemagne Niklas Lomb 2
12%
2022- Belgique Noah Mbamba 4
12%
2021-2022 Grèce Panagiotis Retsos 4
12%
2020-2021 Autriche Aleksandar Dragovic 18
10%
2023- Colombie Gustavo Puerta 7
9%
2020-2023 Finlande Joel Pohjanpalo 4
9%
2020-2022 Autriche Julian Baumgartlinger 23
7%
2021-2022 Danemark Zidan Sertdemir 3
7%
2021-2022 Espagne Iker Bravo 1
6%
2020-2021 Allemagne Mitchell Weiser 5
6%
2020-2021 Colombie Santiago Arias 1
4%
2022-2023 Maroc Ayman Azhil 1
3%
2020-2022 Allemagne Lennart Grill 5
3%
2020-2021 Allemagne Emrehan Gedikli 1
1%
2021-2023 Russie Andrey Lunyov 2
0%
Aucun quiz correspondant
Distribution des résultats
% des personnes avec chaque résultat
Percentile par nombre de réponses
Votre historique - résultats
Vous n’avez pas pris ce quiz